| 000 | 00537nam a22001817a 4500 | ||
|---|---|---|---|
| 003 | OSt | ||
| 008 | 260627b |||||||| |||| 00| 0 eng d | ||
| 020 | _a9780323954594 | ||
| 082 |
_a519.542 _bL82I |
||
| 100 | _aLoftus, Stephen C. | ||
| 245 | _aAn Introductory Handbook of Bayesian Thinking/ Stephen C. Loftus | ||
| 260 |
_aLondon: _bAcademic Press, _c2025. |
||
| 300 | _a305 p. | ||
| 650 | _aNatural sciences & mathematics | ||
| 650 | _aProbabilities & applied mathematics | ||
| 650 | _aMathematical statistics | ||
| 942 |
_2ddc _cBK |
||
| 999 |
_c52401 _d52401 |
||